| 000 | 00852nas a2200253 4500 | ||
|---|---|---|---|
| 001 | BR2014000433 | ||
| 003 | BR-BrBNA | ||
| 005 | 20231205123613.0 | ||
| 007 | ta | ||
| 008 | 230509b bl.|||p| |||| 00| 00por d | ||
| 040 |
_aBR-BrBNA _bpor _cBiblioteca Nacional de Agricultura |
||
| 041 | _a(En) | ||
| 072 | _aF60 | ||
| 100 | 1 | _aEstelita, M.E.M. | |
| 100 | 1 | _aRodrigues, A.C. | |
| 245 | 1 | _aSilicon location through backscattered electron imaging and X-ray microanalysis in leaves of Cyperus ligularis L. and Rhynchospora aberrans C.B. Clark (Cyperaceae) | |
| 650 | _aTIRIRICA | ||
| 650 | _aESTOMATO | ||
| 650 | _aSILICIO | ||
| 650 | _aCOMPOSIÇÃO QUIMICA | ||
| 773 | 0 |
_tActa Botanica Brasilica (Brazil) _xISSN 0102-3306 _g(Apr-Jun 2012), v. 26(2) p. 275-280 _wBR2014000433 |
|
| 909 |
_a202311 _bLúcia _c55 _dLúcia Elande |
||
| 942 |
_2AGRIS _n0 _cANA |
||
| 999 |
_c234738 _d234738 |
||